000
00214 a2200109 4500
020
_a
9780794540937
041
_a
eng
100
_a
Suzie Harrison
245
_a
What are Germs
942
_c
BK
952
_7
1
_x
Infantil
999
_c
25805
_d
25805